000
00304nam a22001337a 4500
008
170821b xxu||||| |||| 00| 0 eng d
020
_a
9780471271758
041
_a
eng
080
_2
2 ED
_a
51
100
_a
37
101
_a
MAT
245
_a
ALGEBRA FORM AND FUNCTION
_c
CONNALY.M
942
_2
udc
_c
BK
999
_c
24157
_d
24157